000 00944nam a22003017a 4500
003 CHAP
005 20220329135755.0
008 971013s1979 r 00010 d
010 _a41860
011 _a42832
035 _a46962
040 _cCHAP
082 _a025.3
_bE8
100 0 0 _aEscamilla González, Gloria.
_937436
245 _aInterpretación catalográfica de los libros
260 _aMéxico, D. F. :
_bUNAM. Instituto de Investigaciones Bibliográficas,
_c1979
300 _a237 p.
490 _aInstrumenta bibliographica
_v; 4
590 _aBATCH-UPD
_b10
_c20130110
_lUCH01
_h1857
590 _aBATCH-UPD
_b10
_c20130410
_lUCH01
_h1226
590 _aBATCH-UPD
_b10
_c20130914
_lUCH01
_h0900
590 _aCONVERSION
_b10
_c20130109
_lUCH01
_h1323
650 1 4 _aCatalogación.
_920484
830 0 _aInstrumenta bibliographica
_v; 4
_959486
901 _aBK
942 _cLIBRO
949 _a025.3 E8
_bBC
_cB
_d-106912
_eB
_i46962
_si
999 _c41860
_d41860